|
|
|
|
| LEADER |
01117nam a22002652a 4500 |
| 001 |
001433568 |
| 003 |
CZ BrMZK |
| 005 |
20231005065343.0 |
| 007 |
ta |
| 008 |
141103s1956 xxu er|||||||||||eng d |
| 040 |
|
|
|a BOA001
|b cze
|
| 100 |
1 |
|
|a Torrey, Alfred E.,
|d 1920-
|7 mzk20211105750
|4 aut
|
| 245 |
1 |
0 |
|a Geology and ground-water resources of the lower Yellowstone River valley, between Glendive and Sidney, Montana /
|c Alfred E. Torrey, Francis A. Kohout
|
| 260 |
|
|
|a Washington :
|b United States Department of the Interior,
|c 1956
|
| 300 |
|
|
|a 4, 31 s. +
|e 2 mapy
|
| 490 |
1 |
|
|a Geological Survey water-supply paper ;
|v 1355
|
| 504 |
|
|
|a Obsahuje bibliografii
|
| 505 |
2 |
0 |
|t Chemical quality of the water /
|r Herbert A. Swenson.
|g S. 33-92
|
| 700 |
1 |
|
|a Kohout, F. A.
|q (Francis Anthony),
|d 1924-1985
|7 mzk20211105744
|4 aut
|
| 700 |
1 |
|
|a Swenson, Herbert A.
|q (Herbert Alfred),
|d 1911-
|7 mzk20201096597
|4 aut
|
| 830 |
|
0 |
|a Geological Survey water-supply paper
|
| 910 |
|
|
|a BOA001
|b 2-0374.245
|
| 990 |
|
|
|a BK
|
| 991 |
|
|
|b 201410
|
| 996 |
7 |
|
|b 2619144218
|c 2-0374.245
|l MZK
|r Sklad / do 24 hodin
|n 0
|w 001468054
|u 000010
|a 1
|e BOA001
|j MZK50
|s A
|